Euromagazín časopis Zastúpenia Európskej komisie v Slovenskej republike

Salvato in:
Dettagli Bibliografici
Natura: Periodico
Lingua:slovacco
Pubblicazione: Bratislava Zastúpenie Európskej komisie v Slovenskej republike 2004
Soggetti:
Tags: Aggiungi Tag
Nessun Tag, puoi essere il primo ad aggiungerne!!

MARC

LEADER 00000nas2a2200000 4500
001 0069547
005 20080416124321.9
022 |a 1335-3918 
041 0 |a slo 
044 |a SK 
245 1 0 |a Euromagazín  |b časopis Zastúpenia Európskej komisie v Slovenskej republike 
264 1 |a Bratislava  |b Zastúpenie Európskej komisie v Slovenskej republike  |c 2004 
773 0 |w eu_un_cat*s124316 
610 2 0 |a integrácia ekonomická medzinárodná 
610 2 0 |a Európska komisia